MDQL
is popping MORE tags! Check the
thread
!
Quizzes
Events
Quiz Creation
Community
Videos
Private Events
Remove Ads
Sign In
Join for FREE
Feedback
Dark Mode
Quiz Categories
Sports
Geography
Music
Movies
Television
Just For Fun
Miscellaneous
History
Literature
Language
Science
Gaming
Entertainment
Religion
Holiday
For Kids
Quiz Lab
Recent
Popular Today
Quiz Kudos Today
Editor Picks
Curator Picks
Quizzes by...
Day
Popularity
Type
Ratings
Length
Year
Community
Subscriptions
Recent Discussions
Orange Saloon
Badges
Playlists
Quests
Create
Leaderboards
Showdown
Live 5
Trivia Bingo
Activity
Puzzle Library
Sporcle Events
Private Events
Virtual Trivia
Globe League
Become a Host
Pub Owners
SporcleCon
Opinionation
Our Games
Videos
Blog
Mobile Apps
Partnerships
Remove Ads and Go Orange
Feedback
Sports
Athletes
MLB
NBA
NHL
NFL
Soccer
Sports Teams
WWE
NCAA
Football
Premier League
Basketball
Baseball
Hockey
Golf
Tennis
Cricket
Rugby
Auto Racing
Olympics
World Cup
Sports
Athletes
MLB
NBA
NHL
NFL
Soccer
Sports Teams
WWE
NCAA
Football
Premier League
Basketball
Baseball
Hockey
Golf
Tennis
Cricket
Rugby
Auto Racing
Olympics
World Cup
Random Quiz
Search Sporcle
×
Quiz Lab
Quiz Lab
Sports
Nation
Type in answers that appear in a list
Type in answers that appear in a list
Classic
Best Score? Go Orange.
Current International Champions Stats
Can you name the Current Nations who hold the Championship in these various International Competitions?
By
geowiz85
6m
30 Questions
47 Plays
47 Plays
47 Plays
Comments
Comments
Give Quiz Kudos
Give Quiz Kudos
-
- Ratings
hide this ad
Forced Order
Answers have to be entered in order
Answers have to be entered in order
Replay
Link that replays current quiz
Next Quiz
Link to next quiz in quiz playlist
You Got
0%
They Got
Avg Score
45%
Avg Friend Score
Upgrade to see
Score Distribution
Jump to the score distribution portion of the page
Score
0/30
Timer
06:00
0
Plays Today
Championship
Country
% Correct
FIFA Men's World Cup
Spain
89.4%
Men's Olympic Basketball
United States
89.4%
Ryder Cup
United States
83%
Women's Olympic Ice Hockey
Canada
76.6%
Men's Olympic Ice Hockey
Canada
76.6%
FIFA Confederations Cup
Brazil
72.3%
World Baseball Classic
Japan
63.8%
Rugby World Cup
South Africa
57.4%
Women's Olympic Basketball
United States
57.4%
Cricket World Cup
Australia
53.2%
Men's Olympic Volleyball
United States
53.2%
FIFA Women's World Cup
Germany
53.2%
IIHF Men's World Championships
Russia
48.9%
Olympic Softball
Japan
46.8%
Davis Cup
Spain
44.7%
Championship
Country
% Correct
FIBA Men's World Championship
Spain
42.6%
Women's Olympic Volleyball
Brazil
42.6%
IFAF Gridiron World Cup
United States
42.6%
World Lacrosse Championship
Canada
36.2%
Wheelchair Rugby World Championships
United States
36.2%
World Men's Handball Championship
France
31.9%
World Curling Women's Championship
Germany
29.8%
World Curling Men's Championships
Scotland
27.7%
King's Cup World Championships of Sepak Takraw
Thailand
25.5%
Olympic Baseball
South Korea
23.4%
FIH Women's Field Hockey World Cup
Netherlands
17%
FIH Men's Field Hockey World Cup
Australia
14.9%
Men's World Team Squash Championships
Egypt
6.4%
FINA Men's Water Polo World Cup
Serbia and Montenegro
4.3%
FIP World Polo Championship
Chile
4.3%
Quiz Playlist
Details
Report
Send in Message
Add To Playlist
Classic:
Type in answers that appear in a list
Forced Order:
Answers have to be entered in order
Last Updated: Feb 16, 2017
Quiz Scoreboard
CHALLENGE
Sign Up to Join the Scoreboard
Show All
Scores
Hide
Comments
May contain spoilers
Recently Published
Street Fighter Characters
by Artimus82
Gaming
60s
9x9 Crossword: Cartoon Network
by jackfrog10
Miscellaneous
3m
College Basketball Coaching Resumes
by pancakes188
Sports
9m
More to Explore
Quiz From the Vault
Featured Blog Post
Where Did the Easter Bunny Come From?
hide this ad
You Might Also Like...
Tags
Country Quiz
Nation Quiz
champion
Championship
competition
hold
International
last
Today's Top Quizzes in Sports
Browse Sports
hide this ad
Today's Top Quizzes in Nation
Browse Nation
Top Contributed Quizzes in Sports
1
2022 World Cup Stars
2
Les meilleurs buteurs des matchs entre le PSG et l’OM
3
FIFA Club World Cup Champions
4
Les entraîneurs de l'OM et du PSG au 21e siècle
5
Criteria MLB: Left Handed Sluggers
6
2023 MLB Unique Player Accomplishments
7
AFC Teams Reveal (Wrong Answers Minefield)
8
5-to-1: FBS Animal Nicknames
9
Players with Multiple 50 Home Run Seasons
10
5-to-1: UK Sports Teams
Explore More
Trending Topics
Kpop
Anime
Disney
Crossword
NBA
Harry Potter
Marvel
WWE
NFL
The Office
Soccer
Pokémon
Puzzle
Country
Song
hide this ad
More By:
geowiz85
Quiz
Plays
Rating
Category
Featured
Created
Actors by Most AFI Top 100 Films
123,906
4.57
Movies
Nov 24, 2010
Biggest North American Cities on Rivers
101,467
3.83
Geography
Jun 9, 2010
Movie Antonyms All Men Should Know
4,704
2.48
Movies
Mar 31, 2010
1985 Chicago Bears
3,262
3.90
Sports
Oct 2, 2009
US Highest Crime Rates
2,434
4.40
Geography
Dec 6, 2009
Go to Creator's Profile
Score Distribution
Quiz Creator Spotlight
geowiz85
Follow
Send a Message
Quizzes Created
-
Created Quiz Play Count
-
More By This Creator
Popular Quizzes Today
1
Find the US States - No Outlines Minefield
2
Find the Countries of Europe - No Outlines Minefield
3
The Countries of the World
4
Find the US States
5
Risky Map Clicking: Biggest States A-Z
6
US States
7
Popular People in 1961
8
Movies - When Are They Set?
More Sports Quizzes
Big 4 Letter Logo Match-Up
Curator's Pick
Trending Quizzes
Risky Map Clicking: Least Populous States A-Z
Countries of the World: 200 Million BC
1-10 Letter G Words
Risky Map Clicking: Next State Alphabetically
Adjectives in 80s TV Shows
Recently Updated
Leaping Animals
pecheneg
Reality TV Shows (A-Z)
bhenderson79
Rickey Henderson's Hall of Fame Teammates
pecheneg
Champions League XIs: Arsenal
pecheneg
Quick Pick: Celebrities in WWE's Hall of Fame
aduchscher
A-Z Keypad Blitz II
pecheneg
Multiple Oscar Actors
pecheneg
Mystery Phrase Blitz: Oscar 'Best Actors'
pecheneg
F. Scott Fitzgerald Novels
LTH
Pick 3 Villains
ddd62291
Trending Topics
Anime
Disney
NBA
Kpop
Harry Potter
Marvel
Crossword
Country
NFL
The Office
Pokémon
Puzzle
Soccer
Song
WWE
Your Account Isn't Verified!
In order to create a playlist on Sporcle, you need to verify the email address you used during registration. Go to your
Sporcle Settings
to finish the process.
Report this User
Report this user for behavior that violates our
Community Guidelines
.
Details:
Send Report
Go to the Sporcle.com Mobile Site →
Comments